ARRUPE JESUIT UNIVERSITY

CORONAVIRUS -STOP THE SPREAD - CLEAN,DISINFECT,COVER

First and Second Corinthians / (Record no. 128626)

MARC details
000 -LEADER
fixed length control field 00980cam a2200277 a 4500
001 - CONTROL NUMBER
control field 3863842
003 - CONTROL NUMBER IDENTIFIER
control field ARRUPE
005 - DATE AND TIME OF LATEST TRANSACTION
control field 20181122095300.0
008 - FIXED-LENGTH DATA ELEMENTS--GENERAL INFORMATION
fixed length control field 880901s1988 tnubf 000 0 eng
010 ## - LIBRARY OF CONGRESS CONTROL NUMBER
LC control number 88180780
020 ## - INTERNATIONAL STANDARD BOOK NUMBER
International Standard Book Number 0939697319 (pbk.)
040 ## - CATALOGING SOURCE
Original cataloging agency DLC
Transcribing agency DLC
Modifying agency DLC
050 00 - LIBRARY OF CONGRESS CALL NUMBER
Classification number BS491.2
Item number .C65 1994
082 00 - DEWEY DECIMAL CLASSIFICATION NUMBER
Classification number 220.7 s
-- 227/.207
Edition number 19
300 ## - PHYSICAL DESCRIPTION
Dimensions 22 cm.
100 1# - MAIN ENTRY--PERSONAL NAME
Personal name Madsen, Norman P.
9 (RLIN) 43582
245 10 - TITLE STATEMENT
Title First and Second Corinthians /
Statement of responsibility, etc Norman P. Madsen.
260 ## - PUBLICATION, DISTRIBUTION, ETC. (IMPRINT)
Place of publication, distribution, etc Nashville :
Name of publisher, distributor, etc Abingdon Press,
Date of publication, distribution, etc 1994.
300 ## - PHYSICAL DESCRIPTION
Extent 157p. :
440 #0 - SERIES STATEMENT/ADDED ENTRY--TITLE
Title Cokesbury basic Bible commentary ;
Volume number/sequential designation 23
9 (RLIN) 43583
500 ## - GENERAL NOTE
General note Cover title: First and Second Corinthians.
630 00 - SUBJECT ADDED ENTRY--UNIFORM TITLE
Uniform title Bible.
Name of part/section of a work Corinthians
General subdivision Commentaries.
9 (RLIN) 43584
740 0# - ADDED ENTRY--UNCONTROLLED RELATED/ANALYTICAL TITLE
Uncontrolled related/analytical title First and Second Corinthians.
906 ## - LOCAL DATA ELEMENT F, LDF (RLIN)
a 7
b cbc
c orignew
d 2
e ncip
f 19
g y-gencatlg
942 ## - ADDED ENTRY ELEMENTS (KOHA)
Source of classification or shelving scheme Library of Congress Classification
Koha item type Monograph ( Printed materials)
Holdings
Withdrawn status Lost status Source of classification or shelving scheme Damaged status Not for loan Collection code Home library Current library Shelving location Date acquired Total Checkouts Full call number Barcode Date last seen Price effective from Koha item type
    Library of Congress Classification     Main Collection ARRUPE LIBRARY ARRUPE LIBRARY Main Collection 22/11/2018   BS491.2 .C65 1994 46600002637 22/11/2018 22/11/2018 Monograph ( Printed materials)

 

Arrupe Library. PO Box MP320 Mt Pleasant, Harare, Zimbabwe
263 242 745411|librarian@aju.ac.zw